| 000 | 00473nam a2200193Ia 4500 | ||
|---|---|---|---|
| 005 | 20240322124411.0 | ||
| 008 | 131103s9999 xx 000 0 und d | ||
| 040 | _aLoreto College | ||
| 041 | _aEnglish | ||
| 082 |
_a370.15 _bBON |
||
| 100 | _aBono Edward de | ||
| 245 |
_aTeaching Thinking _cEdward de Bono |
||
| 260 |
_aHarmondsworth _bPenguin _c1976 |
||
| 300 |
_a271p _b ill |
||
| 504 | _aInludes index | ||
| 650 | _aPsychology | ||
| 850 | _aLCBED | ||
| 942 | _cBK | ||
| 999 |
_c26688 _d77167 |
||